[Event "Mechanics' Fall TNM; 30/90, SD/30"]
[Site "San Francisco"]
[Date "2012.11.27"]
[Round "7.23"]
[White "Mar, Henry"]
[Black "Godfrey, Benjamin"]
[Result "0-1"]
[WhiteElo "1509"]
[BlackElo "1072"]
[PlyCount "108"]
[EventDate "2012.??.??"]

1. e4 c5 2. d3 Nc6 3. Nf3 d6 4. g3 Bg4 5. Bg2 Qd7 6. O-O g6 7. Re1 Bg7 8. Nc3
Nf6 9. Rb1 O-O 10. Bf4 Rab8 11. Qd2 Nd4 12. Nxd4 cxd4 13. Nd5 e5 14. Bh6 Nxd5
15. Bxg7 Kxg7 16. exd5 Rbc8 17. f3 Bh3 18. c4 dxc3 19. bxc3 Bxg2 20. Kxg2 b5
21. Rb4 Rc5 22. c4 a5 23. Rxb5 Rxb5 24. cxb5 Qxb5 25. h4 Rc8 26. h5 Qa4 27. Re2
Rc5 28. h6+ Kf6 29. f4 Rxd5 30. fxe5+ dxe5 31. Rf2+ Ke6 32. Qg5 f5 33. Qc1 Rxd3
34. Qc8+ Qd7 35. Qa6+ Qd6 36. Qxa5 Ra3 37. Qb5 Qd5+ 38. Qxd5+ Kxd5 39. Rd2+ Ke6
40. Rb2 Kf6 41. Rb7 Rxa2+ 42. Kh3 g5 43. Rb6+ Kf7 44. Rb7+ Kg6 45. Rb6+ Kh5 46.
g4+ fxg4+ 47. Kg3 Ra3+ 48. Kg2 e4 49. Re6 e3 50. Kf1 Ra2 51. Rxe3 Kxh6 52. Re6+
Kh5 53. Re7 h6 54. Re3 Kh4 0-1

[Event "Mechanics' Spring TNM; 30/90, SD/30"]
[Site "San Francisco"]
[Date "2012.03.27"]
[Round "3.29"]
[White "Mar, Henry"]
[Black "Lazaro, Fernando"]
[Result "1-0"]
[WhiteElo "1500"]
[BlackElo "1300"]
[PlyCount "79"]
[EventDate "2012.??.??"]

1. e4 e5 2. Nf3 d6 3. g3 Bg4 4. Bg2 Nf6 5. Nc3 Be7 6. O-O Nbd7 7. h3 Be6 8. d3
h6 9. Nh2 O-O 10. f4 exf4 11. Bxf4 c6 12. d4 Rb8 13. Nf3 Nb6 14. b3 Qc8 15. Kh2
Nh5 16. Be3 Nf6 17. e5 dxe5 18. Nxe5 Nbd5 19. Nxd5 Nxd5 20. Bd2 Bd6 21. Nc4 Bc7
22. Bc1 Nf6 23. Ba3 Bxc4 24. bxc4 Rd8 25. Be7 Bxg3+ 26. Kh1 Bh4 27. Bxd8 Qxd8
28. Rb1 Qd6 29. c5 Qc7 30. Rb3 Bg5 31. Qf3 Nd5 32. Qe4 Qd7 33. c4 Re8 34. Qb1
Nf6 35. Rxb7 Qxd4 36. Bxc6 Ne4 37. Bxe8 Nf2+ 38. Kg2 Ne4 39. Qe1 Qb2+ 40. Rxb2
1-0

[Event "Mechanics' Winter TNM; 30/90, SD/30"]
[Site "San Francisco"]
[Date "2012.01.03"]
[Round "1.8"]
[White "Mar, Henry"]
[Black "Ledford, Steven"]
[Result "0-1"]
[WhiteElo "1523"]
[BlackElo "1957"]
[PlyCount "56"]
[EventDate "2012.??.??"]

1. e4 d6 2. Nf3 Nf6 3. d3 g6 4. g3 Bg7 5. Bg2 O-O 6. O-O c5 7. Nbd2 Nc6 8. Re1
Rb8 9. Nf1 b5 10. c3 Qc7 11. Bg5 Bg4 12. Ne3 Bxf3 13. Qxf3 Ne5 14. Qd1 e6 15.
Bxf6 Bxf6 16. Ng4 Bg7 17. Nxe5 dxe5 18. Qc2 Rbd8 19. Rad1 Rd6 20. b3 Rfd8 21.
a4 a6 22. axb5 axb5 23. Bf1 Ra6 24. Ra1 Rda8 25. Qb2 Qa7 26. Rab1 Ra2 27. Qc1
c4 28. dxc4 Qxf2+ 0-1

[Event "Mechanics' Summer TNM; 30/90, SD/30"]
[Site "San Francisco"]
[Date "2012.06.19"]
[Round "5.26"]
[White "Mar, Henry"]
[Black "MacIntyre, Brendan"]
[Result "0-1"]
[WhiteElo "1505"]
[BlackElo "1684"]
[PlyCount "96"]
[EventDate "2012.??.??"]

1. e4 c5 2. Nf3 Nc6 3. d3 g6 4. g3 Bg7 5. Bg2 Nf6 6. O-O O-O 7. Re1 d6 8. Nbd2
Bd7 9. c3 Qc8 10. Nf1 Bh3 11. Ne3 Bxg2 12. Kxg2 Ng4 13. Nd5 e6 14. Nf4 Nge5 15.
Ng5 h6 16. Ngh3 Qc7 17. Be3 Rad8 18. d4 cxd4 19. cxd4 Nc4 20. Rb1 Nxe3+ 21.
fxe3 Qe7 22. b3 Nb8 23. Rc1 Rc8 24. Qd2 Rc6 25. Rc4 Rfc8 26. Rec1 Nd7 27. d5
Rxc4 28. Rxc4 Rxc4 29. bxc4 e5 30. Ne2 h5 31. Neg1 Nc5 32. Qc2 Bh6 33. Nf3 Bxe3
34. Qe2 Bh6 35. Nh4 Qf6 36. Nf2 Qg5 37. Qf3 Kg7 38. Qe2 Qe3 39. Qxh5 gxh5 40.
Nf5+ Kg6 41. Nxe3 Bxe3 42. Nd1 Bd4 43. Kf3 f5 44. exf5+ Kxf5 45. h3 e4+ 46. Ke2
a6 47. Kd2 b5 48. Ke2 Ke5 0-1

[Event "Mechanics' Winter TNM; 30/90, SD/30"]
[Site "San Francisco"]
[Date "2012.01.17"]
[Round "3.14"]
[White "Mar, Henry"]
[Black "Morton, Adam"]
[Result "0-1"]
[WhiteElo "1523"]
[BlackElo "1849"]
[PlyCount "88"]
[EventDate "2012.??.??"]

1. e4 e5 2. Nf3 Nc6 3. g3 Nf6 4. d3 d5 5. c3 dxe4 6. dxe4 Qxd1+ 7. Kxd1 Nxe4 8.
Be3 Bg4 9. Bg2 f5 10. Ke2 Bd6 11. h3 Bh5 12. b4 O-O 13. Re1 f4 14. g4 Bg6 15.
Nh4 fxe3 16. f3 Nd2 17. Nxg6 hxg6 18. Nxd2 exd2 19. Kxd2 Rad8 20. Kc2 g5 21.
Re4 Rf4 22. Rae1 Rdf8 23. a3 Rxe4 24. Rxe4 a5 25. Kb3 axb4 26. axb4 Ra8 27. Kb2
Kf7 28. Bf1 Kf6 29. Bc4 Ne7 30. Re1 Ng6 31. Bf1 Nf4 32. Ra1 Rxa1 33. Kxa1 c6
34. Kb2 b5 35. Kb3 e4 36. fxe4 Ke5 37. c4 bxc4+ 38. Kxc4 Kxe4 39. b5 cxb5+ 40.
Kxb5 Kf3 41. Kc6 Be5 42. Kc5 Kf2 43. Ba6 Nxh3 44. Bc8 Kg3 0-1

[Event "Mechanics' Winter TNM; 30/90, SD/30"]
[Site "San Francisco"]
[Date "2012.02.21"]
[Round "8.21"]
[White "Mar, Henry"]
[Black "Nelson, Christopher"]
[Result "0-1"]
[WhiteElo "1523"]
[BlackElo "1551"]
[PlyCount "110"]
[EventDate "2012.??.??"]

1. e4 e5 2. Nf3 Nc6 3. d3 Bc5 4. Be3 Bb6 5. Bxb6 axb6 6. g3 d6 7. Bg2 b5 8. O-O
Be6 9. b3 h6 10. c3 Nf6 11. Nbd2 Ne7 12. d4 Ng6 13. d5 Bd7 14. Qc2 c5 15. c4 b4
16. h4 O-O 17. Nh2 Ng4 18. Nxg4 Bxg4 19. f3 Bd7 20. h5 Ne7 21. f4 Bg4 22. Bf3
Qd7 23. f5 Bxf3 24. Nxf3 Kh8 25. Nh4 Ng8 26. Qe2 Qd8 27. Qe3 Qg5 28. Qxg5 hxg5
29. Nf3 g4 30. Nh4 Nf6 31. Kf2 Nxe4+ 32. Kg2 Nf6 33. Rh1 Kh7 34. Kf1 Kh6 35.
Kg2 Rfe8 36. Rhe1 e4 37. Kf2 e3+ 38. Rxe3 Rxe3 39. Kxe3 Re8+ 40. Kf2 Ne4+ 41.
Kg2 Nc3 42. Rf1 Re2+ 43. Kg1 f6 44. Ng6 Rxa2 45. Nf4 Ne2+ 46. Nxe2 Rxe2 47. Rb1
Kxh5 48. Kf1 Re3 49. Kg2 Kg5 50. Rb2 Kxf5 51. Rf2+ Ke4 52. Rb2 Kd4 53. Kf2 Rf3+
54. Kg2 Kc3 55. Rb1 Kc2 0-1

[Event "Mechanics' Winter TNM; 30/90, SD/30"]
[Site "San Francisco"]
[Date "2012.01.31"]
[Round "5.15"]
[White "Mar, Henry"]
[Black "Newey, Richard"]
[Result "0-1"]
[WhiteElo "1523"]
[BlackElo "1724"]
[Annotator "Donaldson"]
[PlyCount "54"]
[EventDate "2012.??.??"]

1. e4 c5 2. Nf3 d6 3. d3 g6 4. g3 Bg7 5. Bg2 Nc6 6. O-O Bd7 7. c3 Nf6 8. Re1
Qc7 9. Ng5 O-O 10. Nd2 Rab8 11. Nc4 b5 12. Ne3 e6 13. f4 b4 14. Bd2 bxc3 15.
bxc3 Rb5 16. Qc2 Rfb8 17. Rab1 Qb7 18. Rxb5 Qxb5 19. Nc4 Ne8 20. a4 Qb3 21. Rc1
Ne7 22. Bf1 $2 (22. Qxb3 Rxb3 23. e5 d5 24. Na5 Ra3 25. Nb7) 22... Bxa4 23.
Qxb3 Bxb3 24. Rb1 (24. Ra1 Nc6 25. Ra6 Bxc4 26. dxc4 Rb6 27. Rxb6 axb6) 24...
Nc6 25. Ra1 Bxc4 26. dxc4 a5 27. Nf3 Rb3 {White lost on time.} 0-1

[Event "Mechanics' Summer TNM; 30/90, SD/30"]
[Site "San Francisco"]
[Date "2012.05.22"]
[Round "1.15"]
[White "Mar, Henry"]
[Black "Ochoa, Jason"]
[Result "0-1"]
[WhiteElo "1505"]
[BlackElo "1900"]
[PlyCount "44"]
[EventDate "2012.??.??"]

1. d4 g6 2. c4 Bg7 3. Nc3 c5 4. Nf3 cxd4 5. Nxd4 Nc6 6. e3 Nf6 7. Bd3 O-O 8.
O-O d6 9. Nf3 Bg4 10. h3 Be6 11. Re1 Rc8 12. e4 Nd7 13. Ng5 Nc5 14. Nxe6 Nxe6
15. Nd5 Ned4 16. Be3 e6 17. Nf4 Qh4 18. Qg4 Qxg4 19. hxg4 Nb4 20. Rad1 Nxa2 21.
Ra1 Nb4 22. Bf1 Nbc2 0-1

[Event "Mechanics' Summer TNM; 30/90, SD/30"]
[Site "San Francisco"]
[Date "2012.06.26"]
[Round "6.31"]
[White "Mar, Henry"]
[Black "Otterbach, Renate"]
[Result "1-0"]
[WhiteElo "1505"]
[BlackElo "700"]
[PlyCount "63"]
[EventDate "2012.??.??"]

1. e4 e5 2. Nf3 Nc6 3. Bc4 Bc5 4. b4 Bxb4 5. c3 Bc5 6. d4 exd4 7. cxd4 Bb4+ 8.
Bd2 Bxd2+ 9. Nbxd2 Qf6 10. Nb3 Qg6 11. O-O Nf6 12. e5 Ne4 13. Bd3 Nb4 14. Bb1
d6 15. Qe1 Bh3 16. Nh4 Qh5 17. Qxe4 Be6 18. exd6 O-O 19. Nf5 Bxf5 20. Qxf5 Qxf5
21. Bxf5 cxd6 22. Be4 d5 23. Bf5 Rfe8 24. Nc5 b5 25. a3 Nc6 26. Bd7 Nxd4 27.
Bxe8 Rxe8 28. Rfe1 Ne6 29. Nxe6 fxe6 30. Re5 Kf7 31. Rae1 Kf6 32. Rxd5 1-0

[Event "Mechanics' Mar TNM; 30/90, SD/30"]
[Site "San Francisco"]
[Date "2012.08.07"]
[Round "2.29"]
[White "Mar, Henry"]
[Black "Otterbach, Renate"]
[Result "1-0"]
[WhiteElo "1500"]
[BlackElo "700"]
[PlyCount "67"]
[EventDate "2012.??.??"]

1. e4 e5 2. Nf3 Nc6 3. Bc4 Bc5 4. b4 Nxb4 5. Ba3 d6 6. c3 Nc6 7. Bxc5 dxc5 8.
O-O Bg4 9. h3 Bh5 10. Bd5 Qf6 11. Bxc6+ Qxc6 12. d3 O-O-O 13. Qe2 Ne7 14. Nbd2
Qh6 15. Nc4 f6 16. Rab1 b6 17. a4 Nc6 18. Rfd1 Bf7 19. Ne3 Be6 20. Nf5 Qh5 21.
Ng3 Qh6 22. Nf5 Qh5 23. Ng3 Qh6 24. Kh2 g5 25. Nf5 Qh5 26. g4 Qf7 27. d4 h5 28.
Ng1 Bc4 29. Qf3 hxg4 30. Qxg4 Be6 31. d5 Rh4 32. dxe6 Qh7 33. Nxh4 Rxd1 34.
Rxd1 1-0

[Event "Mechanics' Fall TNM; 30/90, SD/30"]
[Site "San Francisco"]
[Date "2012.10.23"]
[Round "2.17"]
[White "Mar, Henry"]
[Black "Persidsky, Andre"]
[Result "0-1"]
[WhiteElo "1509"]
[BlackElo "1862"]
[PlyCount "58"]
[EventDate "2012.??.??"]

1. e4 c5 2. d3 e5 3. Nf3 Nc6 4. g3 Nf6 5. Bg2 Be7 6. O-O O-O 7. Re1 d6 8. Nbd2
Bg4 9. h3 Bh5 10. g4 Bg6 11. Nh4 Qd7 12. Nxg6 hxg6 13. Nf3 Nh7 14. c3 f5 15.
Qb3+ Kh8 16. g5 fxe4 17. dxe4 Rxf3 18. Bxf3 Nxg5 19. Bxg5 Bxg5 20. Bg4 Qe7 21.
Rad1 Rf8 22. Re2 Rf6 23. f3 Nd8 24. Qb5 Ne6 25. Bxe6 Qxe6 26. Rf1 Qxh3 27. Qe8+
Kh7 28. Rh2 Qxh2+ 29. Kxh2 Bf4+ 0-1

[Event "Mechanics' Summer TNM; 30/90, SD/30"]
[Site "San Francisco"]
[Date "2012.05.29"]
[Round "2.21"]
[White "Mar, Henry"]
[Black "Poling, Scott"]
[Result "1-0"]
[WhiteElo "1505"]
[BlackElo "1780"]
[PlyCount "65"]
[EventDate "2012.??.??"]

1. e4 e6 2. Nf3 d5 3. exd5 exd5 4. d4 Nf6 5. Bg5 Bg4 6. h3 Bh5 7. Be2 Be7 8.
O-O O-O 9. Re1 Ne4 10. Bxe7 Qxe7 11. Nbd2 f5 12. c4 c6 13. Ne5 Bxe2 14. Qxe2
Nd7 15. Ndf3 Rae8 16. Rac1 Ndf6 17. cxd5 Nxd5 18. g3 Qd6 19. Kh2 Qh6 20. Qf1
Ng5 21. Nxg5 Qxg5 22. f4 Qd8 23. Qc4 Kh8 24. b4 g5 25. Qe2 Kg7 26. Qh5 h6 27.
Qg6+ Kh8 28. Qxh6+ Kg8 29. Qg6+ Kh8 30. Nf7+ Rxf7 31. Qxf7 Rf8 32. Qh5+ Kg7 33.
Re6 1-0

[Event "Mechanics' Mar TNM; 30/90, SD/30"]
[Site "San Francisco"]
[Date "2012.09.04"]
[Round "6.21"]
[White "Mar, Henry"]
[Black "Poling, Scott"]
[Result "1/2-1/2"]
[WhiteElo "1500"]
[BlackElo "1788"]
[PlyCount "114"]
[EventDate "2012.??.??"]

1. e4 e6 2. d3 d5 3. Nd2 Nf6 4. g3 dxe4 5. dxe4 e5 6. Bg2 Bc5 7. Ngf3 Nc6 8.
O-O O-O 9. Re1 b5 10. Qe2 Rb8 11. h3 Qe7 12. Nf1 Nd4 13. Nxd4 Bxd4 14. c3 Bb6
15. Bg5 h6 16. Bxf6 Qxf6 17. Ne3 c6 18. Rad1 Rd8 19. Rxd8+ Qxd8 20. Rd1 Qe7 21.
Kh2 Qc5 22. Qd2 Rb7 23. Bf3 Rd7 24. Qc2 Qe7 25. Nf5 Qc5 26. Kg2 Rxd1 27. Bxd1
Be6 28. b4 Qc4 29. Be2 Qxa2 30. Qxa2 Bxa2 31. Ne7+ Kf8 32. Nxc6 Be6 33. Nxe5 a6
34. Bg4 Ke7 35. Bxe6 Kxe6 36. f4 a5 37. bxa5 Bxa5 38. c4 b4 39. Nc6 b3 40. Nd4+
Kd6 41. Nxb3 Be1 42. Kf3 g5 43. e5+ Ke6 44. Nd4+ Kd7 45. f5 h5 46. c5 Bc3 47.
c6+ Ke7 48. f6+ Kd8 49. c7+ Kc8 50. Ke4 h4 51. g4 Bd2 52. e6 Kxc7 53. e7 Kd7
54. Nf5 Bb4 55. Nh6 Ke8 56. Kf5 Bd2 57. Ke4 Bc3 {and in a few moves:} 1/2-1/2

[Event "Mechanics' Mar TNM; 30/90, SD/30"]
[Site "San Francisco"]
[Date "2012.09.25"]
[Round "9.21"]
[White "Mar, Henry"]
[Black "Yamamoto, Craig"]
[Result "1-0"]
[WhiteElo "1500"]
[BlackElo "1627"]
[PlyCount "63"]
[EventDate "2012.??.??"]

1. e4 d6 2. Nf3 c5 3. d3 Nc6 4. g3 e5 5. Bg2 g6 6. O-O Bg7 7. Re1 Nge7 8. Bg5
f6 9. Be3 O-O 10. Nbd2 f5 11. Bg5 h6 12. Bxe7 Nxe7 13. h3 f4 14. g4 g5 15. Nf1
Nc6 16. c3 Bf6 17. Qb3+ Kg7 18. Rad1 Qe7 19. Qc2 a5 20. N1d2 a4 21. b3 axb3 22.
Nxb3 b5 23. d4 c4 24. Nc1 Bd7 25. d5 Rfb8 $4 26. dxc6 Bxc6 27. Qd2 Rd8 28. Bf1
d5 29. exd5 Bxd5 30. Nd4 $1 Be6 31. Nxe6+ Qxe6 32. Qc2 1-0

[Event "Mechanics' Mar TNM; 30/90, SD/30"]
[Site "San Francisco"]
[Date "2012.08.07"]
[Round "2.4"]
[White "Margulis, Igor"]
[Black "Abraham, Renjish"]
[Result "1-0"]
[WhiteElo "2100"]
[BlackElo "1877"]
[PlyCount "51"]
[EventDate "2012.??.??"]

1. e4 c5 2. Nf3 d6 3. c3 Nf6 4. e5 dxe5 5. Nxe5 e6 6. Bb5+ Nbd7 7. Qa4 Qc7 8.
Nxd7 Nxd7 9. d4 cxd4 10. Qxd4 e5 11. Qh4 Be7 12. Qg3 O-O 13. O-O a6 14. Ba4 b5
15. Bc2 g6 16. Bh6 Re8 17. Nd2 Bb7 18. Nf3 Bd6 19. Ng5 Nf6 20. Rad1 Nh5 21. Qd3
Bf8 22. Bxf8 Rxf8 23. Qd7 Qxd7 24. Rxd7 Bc8 25. Re7 h6 26. Nxf7 1-0

[Event "Mechanics' Mar TNM; 30/90, SD/30"]
[Site "San Francisco"]
[Date "2012.09.18"]
[Round "8.9"]
[White "Margulis, Igor"]
[Black "Anderson, Michael"]
[Result "1/2-1/2"]
[WhiteElo "2100"]
[BlackElo "1905"]
[PlyCount "51"]
[EventDate "2012.??.??"]

1. e4 c5 2. Nf3 e6 3. d4 cxd4 4. Nxd4 a6 5. c4 Nf6 6. Nc3 Qc7 7. Be3 b6 8. Bd3
Bb7 9. O-O d6 10. Rc1 Nbd7 11. f3 Be7 12. b3 O-O 13. g4 Ne5 14. Bb1 Nc6 15. Nd5
Qd8 16. Nxe7+ Qxe7 17. Nxc6 Bxc6 18. Bxb6 Qb7 19. Be3 Ne8 20. Rf2 a5 21. Rd2 a4
22. Rg2 Ra5 23. Bd4 axb3 24. axb3 Nc7 25. Bd3 e5 26. Be3 {
Both scoresheets are illegible from this point. The game was later drawn.}
1/2-1/2

[Event "Mechanics' Mar TNM; 30/90, SD/30"]
[Site "San Francisco"]
[Date "2012.09.04"]
[Round "6.6"]
[White "Margulis, Igor"]
[Black "Lacounte, Brendan"]
[Result "0-1"]
[WhiteElo "2100"]
[BlackElo "1817"]
[PlyCount "118"]
[EventDate "2012.??.??"]

1. e4 e6 2. d4 d5 3. e5 c5 4. dxc5 Nc6 5. Nf3 Bxc5 6. Bd3 Nb4 7. Be2 Ne7 8. O-O
Ng6 9. c4 dxc4 10. Qxd8+ Kxd8 11. Na3 Bd7 12. Nxc4 Ke7 13. Bd2 Nd5 14. Rfd1
Rhd8 15. Rac1 Bb5 16. g3 f6 17. Re1 Be8 18. Na5 b6 19. Nb3 Bb4 20. Bxb4+ Nxb4
21. Rc7+ Rd7 22. exf6+ gxf6 23. Rc4 Nd3 24. Bxd3 Rxd3 25. Nfd4 e5 26. Nf5+ Kf8
27. h4 Rad8 28. Ne3 Bf7 29. Rc6 Bxb3 30. axb3 Kf7 31. Ng4 R3d6 32. Rec1 Ne7 33.
Rc7 R8d7 34. R7c3 Rd1+ 35. Rxd1 Rxd1+ 36. Kg2 Nd5 37. Rc8 Rd3 38. Ra8 a5 39.
Ra7+ Kg6 40. Nh2 Rxb3 41. Rd7 Rd3 42. Rb7 Rd2 43. Nf1 Rxb2 44. g4 Rb3 45. h5+
Kh6 46. Ng3 a4 47. Nf5+ Kg5 48. Rg7+ Kf4 49. Rxh7 Kxg4 50. Ng3 Nf4+ 51. Kh2
Nxh5 52. Nxh5 Rh3+ 53. Kg2 Rxh5 54. f3+ Kg5 55. Rg7+ Kh6 56. Ra7 Rh4 57. Ra6
Rb4 58. Kg3 Kg5 59. Kh3 Rh4+ 0-1

[Event "Mechanics' Summer TNM; 30/90, SD/30"]
[Site "San Francisco"]
[Date "2012.05.22"]
[Round "1.6"]
[White "Margulis, Igor"]
[Black "MacIntyre, Brendan"]
[Result "0-1"]
[WhiteElo "2100"]
[BlackElo "1684"]
[PlyCount "44"]
[EventDate "2012.??.??"]

1. e4 c5 2. Nf3 Nc6 3. d4 cxd4 4. Nxd4 g6 5. c4 Bg7 6. Be3 d6 7. Nc3 Nf6 8. Be2
O-O 9. O-O Bd7 10. Rc1 Rc8 11. h3 a6 12. f4 Qa5 13. a3 Rfe8 14. Nc2 Qc7 15. b4
b6 16. Qe1 Na7 17. Qf2 Rb8 18. Nd4 Nc6 19. Nxc6 Qxc6 20. e5 Ne4 21. Nxe4 Qxe4
22. Rfe1 Qb7 {W time exp} 0-1

[Event "Mechanics' Spring TNM; 30/90, SD/30"]
[Site "San Francisco"]
[Date "2012.04.17"]
[Round "6.7"]
[White "Margulis, Igor"]
[Black "Nagarajan, Pranav"]
[Result "1/2-1/2"]
[WhiteElo "2100"]
[BlackElo "1819"]
[PlyCount "70"]
[EventDate "2012.??.??"]

1. e4 c5 2. Nf3 Nc6 3. Nc3 g6 4. d4 cxd4 5. Nxd4 Bg7 6. Be3 Nf6 7. Nxc6 bxc6 8.
e5 Ng8 9. f4 f6 10. exf6 Nxf6 11. Be2 Qa5 12. O-O Rb8 13. Rb1 Nd5 14. Nxd5 Qxd5
15. Qxd5 cxd5 16. Bxa7 Ra8 17. Bc5 Rxa2 18. Ba3 d6 19. Bf3 Be6 20. Rfd1 Rf8 21.
g3 g5 22. Bxd5 Bxd5 23. Rxd5 gxf4 24. gxf4 Rxf4 25. Rd3 Rc4 26. Re1 Kd7 27. Rb3
Rxc2 28. Rb7+ Kc6 29. Rbxe7 Bxb2 30. Bxb2 Raxb2 31. Rxh7 Rg2+ 32. Kh1 Rge2 33.
Rc1+ Rbc2 34. Rd1 Red2 35. Ra1 Ra2 1/2-1/2

[Event "Mechanics' Summer TNM; 30/90, SD/30"]
[Site "San Francisco"]
[Date "2012.07.03"]
[Round "7.19"]
[White "Margulis, Igor"]
[Black "Newey, Richard"]
[Result "1-0"]
[WhiteElo "2100"]
[BlackElo "1641"]
[PlyCount "99"]
[EventDate "2012.??.??"]

1. e4 c5 2. Nf3 d6 3. c3 Nf6 4. Be2 Bd7 5. e5 Nd5 6. O-O Nc6 7. d4 e6 8. Re1
dxe5 9. Nxe5 Bd6 10. c4 Nxd4 11. Nxd7 Nf4 12. Bxf4 Nxe2+ 13. Qxe2 Bxf4 14. Rd1
Qc7 15. Nc3 a6 16. g3 Bd6 17. Nd5 Qxd7 18. Nb6 Qc6 19. Nxa8 O-O 20. Qd3 Be5 21.
Qd7 Bd4 22. Qxc6 bxc6 23. Nb6 Rb8 24. Na4 g6 25. Rab1 Kg7 26. Nc3 f5 27. Ne2 e5
28. Kf1 a5 29. b3 Rb4 30. f4 Kf6 31. fxe5+ Bxe5 32. Kg2 a4 33. Kf3 g5 34. h3 h5
35. g4 fxg4+ 36. hxg4 h4 37. Ng1 a3 38. Nh3 Rb7 39. Nf2 Rf7 40. Ke4 Ke6 41. Nd3
Bd4 42. Rf1 Re7 43. Kf3 Kd6 44. Rbe1 Rf7+ 45. Kg2 Rh7 46. Kh3 Bc3 47. Re2 Rd7
48. Rd1 Kc7 49. Nf2 Rf7 50. Ne4 1-0

[Event "Mechanics' Summer TNM; 30/90, SD/30"]
[Site "San Francisco"]
[Date "2012.06.12"]
[Round "4.13"]
[White "Margulis, Igor"]
[Black "Olson, David"]
[Result "1-0"]
[WhiteElo "2100"]
[BlackElo "1400"]
[PlyCount "61"]
[EventDate "2012.??.??"]

1. e4 e5 2. Bc4 Bc5 3. Nf3 Qf6 4. O-O Ne7 5. c3 Nbc6 6. a4 a6 7. d3 Na5 8. Ba2
Ba7 9. Bg5 Qd6 10. d4 f6 11. Bc1 b5 12. dxe5 fxe5 13. Qe2 c6 14. Ng5 Rf8 15.
Nxh7 Rh8 16. Ng5 Rf8 17. Nd2 Bb7 18. b4 Nc4 19. Nxc4 bxc4 20. Bxc4 c5 21. b5
Qf6 22. Nh7 Qg6 23. Nxf8 Kxf8 24. f4 d5 25. fxe5+ Ke8 26. exd5 Nxd5 27. Qf3 Rd8
28. bxa6 Ba8 29. Bb5+ Ke7 30. Bg5+ Qxg5 31. Qf7# 1-0

[Event "Mechanics' Summer TNM; 30/90, SD/30"]
[Site "San Francisco"]
[Date "2012.07.10"]
[Round "8.14"]
[White "Margulis, Igor"]
[Black "Poling, Scott"]
[Result "0-1"]
[WhiteElo "2100"]
[BlackElo "1780"]
[PlyCount "80"]
[EventDate "2012.??.??"]

1. e4 e6 2. Nf3 c5 3. d4 cxd4 4. Nxd4 Nc6 5. Nc3 Bb4 6. Nxc6 bxc6 7. Qd4 Bxc3+
8. Qxc3 Qf6 9. Qc5 Qe7 10. Qa5 Nf6 11. e5 Nd5 12. Bd2 O-O 13. c4 Qh4 14. O-O-O
Nb6 15. Qc5 Ba6 16. b3 f6 17. f4 fxe5 18. g3 Qg4 19. Qxe5 Qf5 20. Bc3 Qxe5 21.
Bxe5 d5 22. Bh3 Kf7 23. Rhe1 Rfe8 24. Bd4 dxc4 25. Bxb6 axb6 26. Rd7+ Kf6 27.
Rd6 Bc8 28. Rxc6 cxb3 29. Kb2 Rxa2+ 30. Kxb3 Rxh2 31. Bxe6 Rxe6 32. Rec1 Rxc6
33. Rxc6+ Be6+ 34. Kb4 Rg2 35. Rc3 Rb2+ 36. Ka4 b5+ 37. Ka5 Rb3 38. Rxb3 Bxb3
39. Kxb5 Kf5 40. Kc5 Kg4 0-1

[Event "Mechanics' Spring TNM; 30/90, SD/30"]
[Site "San Francisco"]
[Date "2012.03.13"]
[Round "1.7"]
[White "Margulis, Igor"]
[Black "Sherwood, Peter"]
[Result "1-0"]
[WhiteElo "2100"]
[BlackElo "1727"]
[PlyCount "49"]
[EventDate "2012.??.??"]

1. e4 c5 2. Nf3 d6 3. c4 Nc6 4. d4 cxd4 5. Nxd4 Nf6 6. Nc3 a6 7. g3 Qb6 8. Nb3
Bg4 9. f3 Bd7 10. Qe2 e6 11. Bg2 Be7 12. Be3 Qc7 13. O-O O-O 14. Rac1 Rac8 15.
Rfd1 Ne5 16. Nd2 Qa5 17. Bd4 Bc6 18. f4 Ned7 19. Bf2 Rfd8 20. Nb3 Qh5 21. Qxh5
Nxh5 22. Nd4 Nhf6 23. h3 Nc5 24. b4 Ncd7 25. b5 1-0

[Event "Mechanics' Spring TNM; 30/90, SD/30"]
[Site "San Francisco"]
[Date "2012.05.01"]
[Round "8.12"]
[White "Marshall, Johnathan"]
[Black "Afkham-Ebrahimi, Payam"]
[Result "0-1"]
[WhiteElo "1679"]
[BlackElo "1886"]
[PlyCount "74"]
[EventDate "2012.??.??"]

1. e4 c6 2. d4 d5 3. exd5 cxd5 4. c4 Nf6 5. Nc3 Nc6 6. Bg5 dxc4 7. d5 Ne5 8.
Bf4 Nd3+ 9. Bxd3 cxd3 10. Qxd3 g6 11. Nf3 Bg7 12. O-O O-O 13. Rfd1 a6 14. h3
Bf5 15. Qd2 Rc8 16. Be5 Qd7 17. Qd4 b5 18. g4 Rc4 19. Qe3 b4 20. gxf5 bxc3 21.
Bxc3 Re4 22. Qg5 h6 23. Qg2 Qxf5 24. d6 exd6 25. Rxd6 Nh5 26. Nd2 Rh4 27. Bxg7
Kxg7 28. Rd5 Qe6 29. Qg3 $4 {extreme time pressure} Qxd5 30. Qxh4 Qxd2 31. Rb1
Nf4 32. Qg4 Rd8 33. Qf3 Rd3 34. Qe4 Nxh3+ 35. Kh1 Nxf2+ 36. Kg1 Nxe4 37. Kf1
Qf2# 0-1

[Event "Mechanics' Spring TNM; 30/90, SD/30"]
[Site "San Francisco"]
[Date "2012.04.03"]
[Round "4.10"]
[White "Marshall, Johnathan"]
[Black "Andries, Craig"]
[Result "1-0"]
[WhiteElo "1679"]
[BlackElo "1950"]
[PlyCount "98"]
[EventDate "2012.??.??"]

1. e4 d5 2. exd5 Qxd5 3. Nc3 Qa5 4. d4 c6 5. Bc4 Nf6 6. Nf3 Bf5 7. Bd2 e6 8.
Nd5 Qd8 9. Nxf6+ Qxf6 10. Ne5 Bd6 11. f4 Qh4+ 12. g3 Qh3 13. Bf1 Qh6 14. Bg2
Bxe5 15. fxe5 Qg6 16. Rc1 h5 17. Bf4 Nd7 18. c4 Be4 19. Qd2 h4 20. O-O Rd8 21.
Bxe4 Qxe4 22. Rce1 Qg6 23. Rf3 Rh5 24. b3 Rf5 25. Qg2 Rh5 26. g4 Rh8 27. a4 Nf8
28. Rd1 Qe4 29. Qf2 c5 30. d5 b6 31. Re3 Qg6 32. h3 exd5 33. cxd5 Ne6 34. d6
Rd7 35. Qg2 Nxf4 36. Qa8+ Rd8 37. Qc6+ Kf8 38. Qc7 Qg5 39. Rf3 Nxh3+ 40. Kf1
Kg8 41. Rf5 Qg6 42. Qxd8+ Kh7 43. Qxh4+ Kg8 44. Rh5 Rxh5 45. gxh5 Qg1+ 46. Ke2
Qg2+ 47. Ke3 Ng5 48. Qf4 Ne6 49. Qf3 Qg5+ {score ends} 1-0

[Event "Mechanics' Spring TNM; 30/90, SD/30"]
[Site "San Francisco"]
[Date "2012.03.13"]
[Round "1.8"]
[White "Marshall, Johnathan"]
[Black "Matsuda, Leo"]
[Result "1-0"]
[WhiteElo "1679"]
[BlackElo "2057"]
[PlyCount "83"]
[EventDate "2012.??.??"]

1. e4 c5 2. Nf3 d6 3. d4 cxd4 4. Nxd4 Nc6 5. Nc3 Nf6 6. Be2 a6 7. a4 e6 8. Be3
Be7 9. O-O O-O 10. f4 Bd7 11. Nb3 a5 12. Bd3 Nb4 13. e5 dxe5 14. fxe5 Nfd5 15.
Nxd5 exd5 16. Bf5 Bxf5 17. Rxf5 Qd7 18. Rh5 Qe6 19. c3 Nc6 20. Nd4 Qd7 21. Rh3
g6 22. Nf3 b6 23. Kh1 Bc5 24. Bg5 Rfe8 25. Bf6 Be7 26. Qd2 Bxf6 27. exf6 Qf5
28. Nd4 Nxd4 29. Qxd4 Re4 30. Qxb6 Rae8 31. Rg1 Rxa4 32. Qb5 Rae4 33. Rf3 Qe6
34. Qxa5 Re1 35. Rff1 Re2 36. b4 Rc8 37. b5 Rxc3 38. Qxc3 Re3 39. Qc6 d4 40.
Rb1 Qxc6 41. bxc6 Rc3 42. Rb8# 1-0

[Event "Mechanics' Fall TNM; 30/90, SD/30"]
[Site "San Francisco"]
[Date "2012.11.06"]
[Round "4.19"]
[White "Maser, Thomas"]
[Black "Cole, Tony"]
[Result "1-0"]
[WhiteElo "1990"]
[BlackElo "1523"]
[PlyCount "53"]
[EventDate "2012.??.??"]

1. e4 e5 2. Nf3 Nc6 3. Bb5 Nge7 4. c3 a6 5. Ba4 b5 6. Bc2 d5 7. O-O Bg4 8. Re1
d4 9. d3 Ng6 10. h3 Bxf3 11. Qxf3 Qh4 12. Bb3 f6 13. a4 b4 14. Qf5 Nce7 15. Qe6
Nf4 16. Bxf4 Qxf4 17. Bd5 Kd8 18. Bxa8 c6 19. Qd6+ Kc8 20. Bxc6 Nxc6 21. Qxc6+
Kb8 22. Qb6+ Ka8 23. Qxa6+ Kb8 24. Qb6+ Ka8 25. cxb4 g5 26. Na3 Bh6 27. Nb5 1-0